[Event "Rhein Main op-B 16th"]
[Site "Bad Homburg"]
[Date "2013.06.01"]
[Round "5"]
[White "Annen, Oliver"]
[Black "Ritzheim, Stefan"]
[Result "1/2-1/2"]
[WhiteElo "1602"]
[BlackElo "1349"]
[PlyCount "50"]
[EventDate "2013.05.29"]
[EventType "swiss"]
[EventRounds "7"]
[EventCountry "GER"]
[SourceTitle "EXT 2014"]
[Source "ChessBase"]
[SourceDate "2013.11.20"]
[SourceVersion "1"]
[SourceVersionDate "2013.11.20"]
[SourceQuality "1"]

1. d4 d5 2. c4 c6 3. e3 Nf6 4. Nc3 e6 5. Bd3 Nbd7 6. Nf3 Bd6 7. e4 dxe4 8. Nxe4 Nxe4 9. Bxe4 Nf6 10. Bc2 0-0 11. 0-0 b6 12. Bg5 h6 13. Bh4 Bb7 14. Re1 g5 15. Bg3 Bxg3 16. fxg3 Qe7 17. Qd3 Rfd8 18. Qe3 Qf8 19. h3 c5 20. dxc5 Qxc5 21. Qxc5 bxc5 22. Rad1 g4 23. Ne5 h5 24. Kf2 Rab8 25. b3 a5 1/2-1/2

[Event "Rhein Main op-B 16th"]
[Site "Bad Homburg"]
[Date "2013.06.01"]
[Round "6"]
[White "Ritzheim, Stefan"]
[Black "Reinecke, Katharina"]
[Result "0-1"]
[WhiteElo "1349"]
[BlackElo "1608"]
[PlyCount "62"]
[EventDate "2013.05.29"]
[EventType "swiss"]
[EventRounds "7"]
[EventCountry "GER"]
[SourceTitle "EXT 2014"]
[Source "ChessBase"]
[SourceDate "2013.11.20"]
[SourceVersion "1"]
[SourceVersionDate "2013.11.20"]
[SourceQuality "1"]

1. d4 Nf6 2. c4 g6 3. g3 Bg7 4. Bg2 d6 5. Nc3 Nbd7 6. Nf3 0-0 7. 0-0 Re8 8. e4 e5 9. Re1 exd4 10. Nxd4 Nc5 11. Bg5 h6 12. Bxf6 Qxf6 13. Ndb5 Qd8 14. Qd2 a6 15. Nd4 Bd7 16. Rad1 Qc8 17. f4 Bh3 18. b4 Bxg2 19. Kxg2 Ne6 20. Nxe6 Rxe6 21. Nd5 Qd7 22. e5 Kh8 23. exd6 Rxd6 24. Re7 Qd8 25. Rde1 c6 26. Qe3 cxd5 27. Re8+ Qxe8 28. Qxe8+ Rxe8 29. Rxe8+ Kh7 30. cxd5 Rxd5 31. a3 Rd7 0-1

[Event "Rhein Main op-B 16th"]
[Site "Bad Homburg"]
[Date "2013.05.30"]
[Round "3"]
[White "Lessmann, Sven"]
[Black "Ritzheim, Stefan"]
[Result "1-0"]
[WhiteElo "1630"]
[BlackElo "1349"]
[PlyCount "55"]
[EventDate "2013.05.29"]
[EventType "swiss"]
[EventRounds "7"]
[EventCountry "GER"]
[SourceTitle "EXT 2014"]
[Source "ChessBase"]
[SourceDate "2013.11.20"]
[SourceVersion "1"]
[SourceVersionDate "2013.11.20"]
[SourceQuality "1"]

1. d4 d5 2. c4 c6 3. Nf3 Nf6 4. Nc3 e6 5. Bg5 Be7 6. e3 Nbd7 7. cxd5 cxd5 8. Bd3 0-0 9. 0-0 a6 10. Rc1 h6 11. Bxf6 Nxf6 12. Ne5 Bd6 13. f4 Bd7 14. Rf2 Rc8 15. g4 Bxe5 16. dxe5 Nh7 17. g5 Nxg5 18. Qh5 Nh7 19. Rg2 Kh8 20. Kf2 f5 21. exf6 Qxf6 22. Rg6 Qf7 23. Qe5 Nf6 24. Rcg1 Rg8 25. Ne2 h5 26. h3 Ne4+ 27. Bxe4 dxe4 28. Qxh5# 1-0